00423nam a2200169 a 45000010005000000030009000050080041000140200015000550400028000700820018000981000024001162450029001402500007001692600046001763000010002226500021002324334CO-ViMGA141112s2004 ck r 000 u spa d a9502007379 aCO-ViMGAbspacCO-ViMGA04a347.072 F152c1 aFalcón, Enrique M10aCómo hacer una demanda a2a aBuenos Aires : bAbeledo - Perrot, c1993 a124 p14aDEMANDAS PENALES